Bella Donna : (Record no. 23492)

MARC details
000 -BAŞLIK
Sabit Uzunluktaki Kontrol Alanı 00525nam a22001817a 4500
003 - KONTROL NUMARASI KİMLİĞİ
Kontrol Alanı koha_MIRAKIL
005 - EN SON İŞLEM TARİHİ ve ZAMANI
Kontrol Alanı 20260415112050.0
008 - SABİT UZUNLUKTAKİ VERİ ÖGELERİ - GENEL BİLGİ
Sabit Alan 260415b tur||||| |||| 00| 0 tur d
020 ## - ISBN - ULUSLARARASI STANDART KİTAP NUMARASI
Isbn 986051860640
040 ## - KATALOGLAMA KAYNAĞI
Özgün Kataloglama Kurumu TR-IsEVY
Kataloglama Dili tur
Çeviri Kurumu TR-IsEVY
082 ## - DEWEY ONU SINIFLAMA SİSTEMİ
Sınıflama Numarası FIC SYM/B
100 ## - KİŞİ ADI
Yazar Adı (Kişi adı) Symes, Ruth
245 #0 - ESER ADI BİLDİRİMİ
Başlık Bella Donna :
Alt Eseradı vb. patlayan büyüler/
Sorumluluk Bildirimi Ruth Symes.
260 ## - YAYIN, DAĞITIM, VB.
Yayın Yeri İstanbul :
Yayınevi Martı Yayınları,
Yayın Tarihi 2016.
300 ## - FİZİKSEL TANIMLAMA
Sayfa, Cilt vb. 190 s. :
Diğer fiziki detaylar resimli ;
Boyutları 20 cm.
650 ## - KONU BAŞLIĞI EK GİRİŞ - KONU TERİMİ
Konusal terim veya coğrafi ad Çocuk Edebiyatı.
Alt başlık biçimi Çocuk Romanı.
942 ## - EK GİRİŞ ÖGELERİ (KOHA)
Source of classification or shelving scheme Dewey Decimal Classification
Koha item type Kitap
Holdings
Kayıp Durumu Sınıflandırma Kaynağı Hasarlı Durumu Koleksiyon Kodu Kalıcı Konum Mevcut Konum Kayıt Tarih Edinim Kaynağı Toplam Ödünçverme Yer Numarası Demirbaş Numarası Son Görülme Tarihi Fatura Tarihi Materyal Türü
  Dewey Decimal Classification   İlkokul İLKOKUL KÜTÜPHANESİ İLKOKUL KÜTÜPHANESİ 15/04/2026 Bağış   FIC SYM/B 25103 15/04/2026 15/04/2026 Kitap